Public and professional perceptions of HVOTL risks: the problem of circularity. (Record no. 60841)
[ view plain ]
| 000 -LEADER | |
|---|---|
| fixed length control field | 01073cam a2200229 4500 |
| 001 - CONTROL NUMBER | |
| control field | ABS61151 |
| 008 - FIXED-LENGTH DATA ELEMENTS--GENERAL INFORMATION | |
| fixed length control field | 000000n1999 000 0 eng u |
| 035 ## - SYSTEM CONTROL NUMBER | |
| System control number | (Sirsi) u101716 |
| 100 ## - MAIN ENTRY--PERSONAL NAME | |
| Personal name | Gallimore, P. |
| 245 ## - TITLE STATEMENT | |
| Title | Public and professional perceptions of HVOTL risks: the problem of circularity. |
| 260 ## - PUBLICATION, DISTRIBUTION, ETC. | |
| Date of publication, distribution, etc. | 1999 |
| 490 ## - SERIES STATEMENT | |
| Series statement | Journal of Property Research |
| Volume/sequential designation | 16(3) September 1999, 243-255(7) |
| 520 ## - SUMMARY, ETC. | |
| Summary, etc. | Outlines the results of recent studies into the impact of the proximity of high voltage overhead power transmission lines on residential property prices. Warns that valuers have a different perception of the risk than potential house purchasers. References. |
| 520 ## - SUMMARY, ETC. | |
| Summary, etc. | The article is available through EBSCO Business Source. |
| 650 ## - SUBJECT ADDED ENTRY--TOPICAL TERM | |
| Topical term or geographic name entry element | POWER CABLES |
| 650 ## - SUBJECT ADDED ENTRY--TOPICAL TERM | |
| Topical term or geographic name entry element | PYLONS |
| 650 ## - SUBJECT ADDED ENTRY--TOPICAL TERM | |
| Topical term or geographic name entry element | Residential property |
| 9 (RLIN) | 6266 |
| 690 ## - LOCAL SUBJECT ADDED ENTRY--TOPICAL TERM (OCLC, RLIN) | |
| Topical term or geographic name as entry element | RATING AND VALUATION |
| 700 ## - ADDED ENTRY--PERSONAL NAME | |
| Personal name | Jayne, M.R. |
| 856 48 - ELECTRONIC LOCATION AND ACCESS | |
| Uniform Resource Identifier | <a href="https://www.rics.org/en/knowledge/library/e-resources/">https://www.rics.org/en/knowledge/library/e-resources/</a> |
| Public note | eView this item free of charge (members-only content) through EBSCO Business Source. |
| 942 ## - ADDED ENTRY ELEMENTS (KOHA) | |
| Suppress in OPAC | 0 |
| Source of classification or shelving scheme | Dewey Decimal Classification |
| Withdrawn status | Lost status | Source of classification or shelving scheme | Damaged status | Not for loan | Home library | Current library | Shelving location | Date acquired | Total Checkouts | Full call number | Barcode | Date last seen | Copy number | Price effective from | Koha item type |
|---|---|---|---|---|---|---|---|---|---|---|---|---|---|---|---|
| Dewey Decimal Classification | London | London | Journal article | 10/11/1999 | ABS61151 | 101716-1001 | 06/08/2019 | 1 | 06/08/2019 | Journal article |